[Event "Østlandsserien 2014/2015, 4. div. B"]
[Site "Ås, Akershus NOR"]
[Date "2015.03.08"]
[Round "5"]
[White "Nygaard, Trond"]
[Black "Svebestad, Erlend"]
[Result "1-0"]
[WhiteElo "1093"]
[BlackElo "1360"]
[Annotator "Lea,Per"]
[PlyCount "86"]
[EventDate "2014.11.02"]
[Board "1"]
[WhiteTeam "Groruddalen 3"]
[BlackTeam "Follo 4"]

1. e4 e5 2. Nf3 Nc6 3. Bc4 Bc5 4. b4 Bxb4 5. c3 Ba5 6. Qb3 Qf6 7. d3 (7. O-O
Bb6 $11) 7... d6 8. Ng5 Nh6 9. O-O O-O 10. h3 Bb6 11. Qd1 Be6 12. Nxe6 fxe6 13.
Be3 Ne7 14. Bxb6 axb6 15. d4 Nf7 16. f4 exf4 17. Qg4 e5 18. dxe5 dxe5 19. g3 b5
$1 20. Bb3 Qb6+ 21. Kh2 Qe3 22. gxf4 Qxe4 23. Nd2 Qg6 24. Qh4 Rad8 25. Rad1 Nf5
26. Qf2 Kh8 27. Rg1 Qh6 28. Rg4 exf4 (28... Rd3 29. Nf3 Ne3 30. Rdg1 Nxg4+ 31.
Rxg4 exf4) 29. Rxf4 Ng5 (29... Rd3 $1 30. Nf1 Rxh3+ 31. Kg2 Ne3+ 32. Nxe3 Rh2+
33. Kf1 Rxf2+ 34. Rxf2 Qxe3 35. Rxf7 Rxf7+ 36. Bxf7 Qf3+ 37. Ke1 Qxc3+ 38. Kf1
h5 $19) 30. h4 g6 31. Rg1 Nxh4 $4 (31... Rxd2 $3 32. Qxd2 Nf3+ 33. Rxf3 Qxd2+ {
0-1}) 32. Rxf8+ Rxf8 33. Qd4+ Qg7 34. Qxg7+ Kxg7 35. Rxg5 Rd8 $2 (35... c6 36.
Kh3 Nf5 $11) 36. Rd5 Re8 (36... Rxd5 37. Bxd5 c6 38. Be6 $14) 37. Kg3 Nf5+ 38.
Kf2 Rf8 (38... Nd6 $11) 39. Ke1 (39. Rd7+) 39... Re8+ 40. Kf2 Rf8 $2 (40... Nd6
$11) 41. Rd7+ Ne7+ 42. Kg3 Kf6 43. Ne4+ Ke5 1-0

[Event "Østlandsserien 2014/2015, 4. div. B"]
[Site "Ås, Akershus NOR"]
[Date "2015.03.08"]
[Round "5"]
[White "Brekke, Kristian Markhus"]
[Black "Thorvaldsen, Thomas"]
[Result "1-0"]
[WhiteElo "1216"]
[BlackElo "1004"]
[Annotator "Lea,Per"]
[PlyCount "87"]
[EventDate "2014.11.02"]
[Board "3"]
[WhiteTeam "Groruddalen 3"]
[BlackTeam "Follo 4"]

1. e4 e6 2. d4 d5 3. e5 c5 4. Nf3 cxd4 5. Nxd4 Bc5 6. Nb3 Bb6 7. Nc3 Ne7 8. Bg5
h6 9. Bh4 Qc7 10. Bg3 Nbc6 11. Na4 Nxe5 (11... Nf5 12. Nxb6 axb6 13. Be2 Nxg3
14. hxg3 Nxe5 $17) 12. Nxb6 axb6 13. Bb5+ N7c6 (13... Bd7 14. Bxd7+ Kxd7 $11)
14. Bxc6+ bxc6 15. Qh5 g5 16. f4 $2 (16. h4 $1 $18) 16... Nc4 $2 (16... gxf4
17. Bxf4 Nd3+ 18. cxd3 Qxf4 $17) 17. fxg5 Qe7 18. gxh6 $2 (18. O-O) 18... Qf6
19. Rf1 Rxh6 20. Rxf6 Rxh5 21. Nd4 c5 22. Nb5 Ke7 23. Rf3 Nxb2 $2 (23... Bd7 {
beholder svarts fordel}) 24. Nd6 $2 {... og hvit griper ikke sjansen...} (24.
Bd6+ Kd8 25. Rxf7 $11) 24... e5 25. Nxf7 Nd1 $2 (25... Nc4) 26. Rxd1 Bg4 27.
Nxe5 Bxf3 28. Nxf3 Rxa2 29. Rb1 Rh6 30. Kd2 Ra5 31. Bc7 Ra6 32. Kd3 Kd7 
33. Bg3 Ra3+ 34. Kd2 Ra5 35. Ne5+ Ke7 36.
Re1 Re6 37. Nc6+ Kd7 38. Rxe6 Kxe6 39. Nxa5 bxa5 40. Kc3 a4 41. Kb2 d4 42. Ka3
Kd5 43. Kxa4 Kc4 44. Bf4 1-0

[Event "Østlandsserien 2013/2014, 3. div. C"]
[Site "Korsvoll, Oslo NOR"]
[Date "2013.11.03"]
[Round "1"]
[White "Larsen, Joakim"]
[Black "Risting, Eivind"]
[Result "1-0"]
[WhiteElo "1922"]
[BlackElo "1664"]
[Annotator "Lea, Per"]
[PlyCount "85"]
[EventDate "2013.11.03"]
[WhiteTeam "Follo 1"]
[BlackTeam "SK 1911 3"]

1. e4 e6 2. Nf3 d5 3. exd5 exd5 4. d4 Bd6 5. Bd3 Nf6 6. Qe2+ Qe7 7. Qxe7+ Bxe7
8. Bf4 c6 9. Nbd2 O-O 10. h3 Nbd7 11. O-O-O Re8 12. g4 Nf8 13. Rde1 Ne6 14. Bg3
Nd7 15. Kb1 c5 16. c3 c4 17. Bf5 Ndf8 18. Re2 b5 19. Ne5 Bd6 20. Rhe1 g6 21.
Bc2 f6 $2 {Koster minst en bonde og gir et sluttspill som hvit fører til seier
med sikker hånd. Men svart sliter uansett med en passiv stilling.} 22. Nxg6 $1
Bxg3 23. Nxf8 Bxf2 24. Bxh7+ Kxf8 25. Rxf2 Kg7 26. Bc2 Bd7 27. Ref1 Rf8 28. Nf3
(28. h4 b4 29. h5 bxc3 30. bxc3 Ng5 31. h6+ Kg8 (31... Kxh6 $4 32. Rxf6+ Rxf6
33. Rxf6+ Kg7 34. Rg6+ Kh8 35. Rxg5 {1-0}) 32. Rxf6 Rxf6 33. Rxf6 Rb8+ 34. Kc1
Rb6 $18) 28... a5 29. Nh4 Ng5 30. Nf5+ Bxf5 31. Rxf5 Rad8 32. h4 Ne6 33. Re1
Rfe8 (33... Rd6 {er kanskje bedre - men neppe tilstrekkelig til å holde
partiet. At springeren kan bli tvunget til å forlate e-linja og tillate
avbytte av av 2 eller 4 tårn er til hvits fordel.}) 34. Kc1 Nc7 35. Ref1 Rf8
36. Kd2 b4 {Undervurderer hvits bondemarsj på kongefløyen!} 37. g5 fxg5 38.
Rxg5+ Kh6 39. Rg6+ Kh5 40. Rfg1 bxc3+ 41. bxc3 Rf2+ 42. Kc1 Rxc2+ 43. Kxc2 {
Oppgitt. Svart må ofre materiell for å utsette matten.} 1-0

[Event "Østlandsserien 2013/2014, 3. div. C"]
[Site "Korsvoll, Oslo NOR"]
[Date "2013.11.03"]
[Round "1"]
[White "Nesheim, Geir"]
[Black "Lea, Per"]
[Result "1/2-1/2"]
[WhiteElo "1588"]
[BlackElo "1658"]
[Annotator "Lea, Per"]
[PlyCount "42"]
[EventDate "2013.11.03"]
[WhiteTeam "SK 1911 3"]
[BlackTeam "Follo 1"]

1. d4 d5 2. c4 e6 3. Nc3 Nf6 4. cxd5 exd5 5. Bg5 Be7 6. e3 O-O 7. Qc2 Re8 8.
Bd3 Nbd7 9. Nge2 Nf8 {Ett viktig trekk i denne stillingen - noe jeg ble
innprentet på en analysekveld hjemme hos Trond Solem etter en
Østlandsseriematch mot Porsgrunn ca 2001 hvor jeg hadde forsømt dette trekket.}
10. O-O c6 11. Rad1 ({Etter partiet vurderte vi} 11. f3 {for å hindre svarts
neste trekk, men vår vurderingsevne var nok ikke helt patent. Offisersbyttene
regnes som fordelaktige for hvit, men da måtte han altså ha fortsatt
annerledes i trekk 14.}) 11... Ne4 12. Bxe7 Qxe7 13. Bxe4 dxe4 14. f3 $2 (14.
d5 {er egnet til å gi svart problemer}) 14... exf3 15. Rxf3 Bg4 16. Rg3 Bh5 17.
Qf5 Bg6 18. Qg4 Qe6 {Svart vil absolutt bytte dronninger, men her var det
mulig å spille for å få litt iniativ begynnende med} (18... Qb4 19. Rd2 Ne6 20.
d5 Qxg4 21. Rxg4 cxd5 22. Nxd5 Rac8) ({eller} 18... h5 19. Qf3 Qb4 20. Rd2) 19.
Qh4 Qe7 20. Qg4 Qe6 21. Qh4 Qe7 {Ingen er interessert i å finne ut hva som er
sterkest: hvist aktive offiserer, eller svarts press mot den svake e-bonden.
Remis.} 1/2-1/2

[Event "Østlandsserien 2013/2014, 3. div. C"]
[Site "Korsvoll, Oslo NOR"]
[Date "2013.11.03"]
[Round "1"]
[White "Høva, Frode"]
[Black "Vederhus, Alf"]
[Result "1-0"]
[WhiteElo "1578"]
[BlackElo "1278"]
[Annotator "Lea, Per"]
[PlyCount "123"]
[EventDate "2013.11.03"]
[WhiteTeam "Follo 1"]
[BlackTeam "SK 1911 3"]

1. d4 d5 2. c4 c6 3. Nf3 Nf6 4. Nc3 dxc4 5. a4 Bf5 6. Ne5 Nbd7 7. Nxc4 Qc7 8.
f3 Bg6 9. e4 e6 10. Be3 Bb4 11. Be2 O-O 12. O-O Rfd8 13. Bg5 Re8 14. Bh4 Nh5
15. Qc1 Nf4 16. Bd1 Nh5 17. f4 f5 ({Bedre er:} 17... Nhf6 18. f5 exf5 19. exf5
Bh5) 18. e5 {Dermed er e-bonden parkert, og når svart endelig får kvittet seg
med den, har hvit et vunnet sluttspill på grunn av fribonden i e-linja.} Bf7
19. Qe3 ({Her kunne hvit også prøvd} 19. g4 fxg4 20. Bxg4 Nb6 21. Ne3 Be7 22.
Bxe7 Qxe7 23. Ne4) 19... a6 20. Na2 (20. a5 b5 21. axb6 Nxb6 22. Nxb6 Qxb6 23.
g3 Rec8 $16) 20... Bf8 21. Bf3 Rab8 22. Rac1 Nb6 23. b3 {
Muligens en unøyaktighet - som svart ikke utnytter} Nxc4 (23... Nd5 24. Bxd5
exd5 25. Nb2 {og hvits fordel minker...}) 24. Rxc4 Be7 25. Bxe7 Rxe7 {
Her virker det vel mer naturlig å slå med dronninga? Critter 1.6 mener nå at
hvit begynner å få en gullstilling.} 26. Rfc1 Rd8 27. Nc3 Red7 28. Ne2 ({
Mer aggressivt er} 28. b4) 28... Qb6 29. Kh1 g6 30. Qc3 Ng7 31. b4 {Endelig!}
Qa7 32. Rc5 {Svarts dronning er et trist syn...} (32. b5 cxb5 33. axb5 a5 (
33... axb5 34. Rc5 Qa6 35. Qb2)) 32... Ne8 33. b5 {
... så var det bare en utsettelse på ett trekk!} axb5 34. axb5 cxb5 35. Rxb5
Rc7 36. Qb2 (36. Ra1 Rxc3 (36... Qb8 37. Qd3 Qc8 38. Rab1 Qd7) 37. Rxa7 Rc7 38.
Rbxb7 {er enklere - og sterkere}) 36... Rxc1+ 37. Qxc1 b6 38. Qb1 Rb8 39. Nc3
Nc7 40. Rb4 Be8 41. h3 Qa5 42. Qb3 b5 {Svart har på merkverdig vis klart å
ommøblre brikkene sine slik at han har minst utliknet.} 43. Be2 Qb6 44. d5 exd5
$2 {Besvarer hvits unøyaktgihet med en direkte overseelse} (44... Na6 45. Rxb5
Bxb5 46. Nxb5 Nc7 47. d6 Nd5 (47... Nxb5 $4 48. Qxe6+ Kg7 49. Qf6+ Kh6 50. g4
Qc6+ 51. Kh2 {og svart kan bare utsette matten på g5 ved å ofre materiell}) 48.
Qc4 {og takket være fribonden har hvit noe som kan minne om kompensasjon - men
heller ikke mer...}) 45. Nxd5 Nxd5 46. Qxd5+ Bf7 $4 {
Bukker en bonde - og partiet!} 47. Qxb5 Qxb5 48. Rxb5 Rxb5 49. Bxb5 Be6 50. h4
h6 51. Kg1 Kf7 52. Kf2 Ke7 53. Ke3 Bd5 54. g3 Be6 55. Kd4 Kf7 $4 {Løpersluttspi
llet med bonde under var tapt, men bondesluttspillet kan hvem som helst venne
med en hånd på ryggen...} 56. Bc4 Bxc4 57. Kxc4 Ke6 58. Kc5 g5 59. hxg5 hxg5
60. Kd4 gxf4 61. gxf4 Ke7 62. Kd5 {
og svart tar fornuften fangen og gir opp den håpløse kampen} 1-0

[Event "Østlandsserien 2013/2014, 3. div. C"]
[Site "Korsvoll, Oslo NOR"]
[Date "2013.11.03"]
[Round "1"]
[White "Lindbøl, Aleksander"]
[Black "Seim, Fredrik"]
[Result "0-1"]
[WhiteElo "839"]
[BlackElo "1570"]
[Annotator "Seim, Fredrik"]
[PlyCount "56"]
[EventDate "2013.11.03"]
[WhiteTeam "SK 1911 3"]
[BlackTeam "Follo 1"]

1. d4 e6 {Et fleksibelt åpningstrekk. Etter 2. c4 kan svart spille 2...Nf6, 2..
.d5, 2...c5 eller 2...f5.} 2. e4 {Men nå blir det fransk istedenfor, noe svart
selvfølgelig må være komfortabel med når han velger 1...e6.} d5 3. exd5 {
Hvit sa etter partiet at han spilte avbyttervarianten på grunn av statusen som
remis-åpning. Men vi skal se at det også kan bli skarpt.} exd5 4. c4 {
Monte Carlo variasjonen. Må vel kunne sies å være den mest aggresive varianten
mot det franske forsvar.} Nf6 5. Nc3 Bb4 6. Nf3 O-O 7. Bd3 Re8+ 8. Ne5 $2 ({
Riktig her er} 8. Be3 {for etter} Ng4 {kan hvit trygt rokere} 9. O-O {
[%xcpdao t]} Nxe3 {[%xcpdao t]} (9... Rxe3 {[%xcpdao t]} 10. fxe3 Nxe3 11.
Bxh7+ Kh8 12. Qd3 Nxf1 13. Ne5 $1 {ser også dårlig ut for svart}) 10. fxe3 Rxe3
$4 {taper etter} 11. Nxd5) 8... c5 $1 9. Be3 $4 {
Men dette taper øyeblikkelig...} ({Hvit måtte spille} 9. O-O cxd4 10. Nxd5 Nxd5
11. Bxh7+ $1 Kf8 (11... Kxh7 $2 12. Qh5+ Kg8 13. Qxf7+ {med remis}) 12. Nxf7 $1
Qf6 (12... Kxf7 $2 13. Qh5+ Kf8 14. cxd5 {og hvit står best. Svarts konge er
fullstendig avkledd og de sorte offiserene er et tragisk skue.}) 13. Nh8 $1 {
Med en svært komplisert stilling!} Bf5 14. Bxf5 Qxf5 15. cxd5 Kg8) 9... cxd4
10. Bxd4 Nc6 {Hvit taper nå en offiser} 11. f4 $6 Nxd4 12. Bxh7+ $2 {
Dette gjør bare vondt verre. Nå blir hvit stående to offiserer under} Nxh7 $1
13. Qxd4 f6 14. cxd5 Bxc3+ $6 {
Ikke det mest nøyaktige, men på dette stadiet fungerer det meste} 15. bxc3 fxe5
16. fxe5 Qf6 $1 {Hvit taper e-bonden. Nå gjelder det bare for svart å fullføre
utviklingen og bringe helpoenget hjem} 17. O-O-O Qxe5 18. Qxe5 Rxe5 19. Rd2 Bd7
20. c4 Rc8 21. Rc2 b5 22. Rd1 Rxc4 23. Rxc4 bxc4 24. Kb2 Nf6 25. d6 Nd5 26. Rd4
c3+ $2 (26... Re2+) 27. Kc1 Bf5 28. Rf4 Re1# {Dette var det andre partiet som
ble ferdig etter at Nesheim-Lea ble en kort remis. Både Larsen- Risting og
Høva- Vederhus endte med seier til de hvite brikkene og det ble dermed en
knusende 3 1/2 - 1/2 seier mot SK 1911.} 0-1

[Event "Østlandsserien 2013/2014, 3. div. C"]
[Site "Ås, Akershus NOR"]
[Date "2014.01.12"]
[Round "3"]
[White "Førland, Tor Egil"]
[Black "Lea, Per"]
[Result "1/2-1/2"]
[WhiteElo "1774"]
[BlackElo "1658"]
[Annotator "Lea, Per"]
[PlyCount "51"]
[EventDate "2013.11.03"]
[Board "1"]
[WhiteTeam "S.O.S.S. 3"]
[BlackTeam "Follo 1"]

1. Nf3 Nf6 2. c4 c5 3. Nc3 Nc6 4. g3 g6 5. Bg2 Bg7 6. O-O O-O 7. d3 d6 8. Bd2
Rb8 9. Rb1 a6 10. a3 b5 11. cxb5 axb5 12. b4 cxb4 13. axb4 Nd7 14. Qc1 Nce5 15.
Bh6 Nxf3+ 16. Bxf3 Bb7 17. Bxg7 Kxg7 18. Bxb7 Rxb7 19. Qg5 e5 (19... e6 20. Qd2
) (19... Nf6 20. Nxb5 $2 h6 21. Qd2 Rxb5) 20. Qd2 Nf6 21. d4 Qd7 22. dxe5 dxe5
23. Qxd7 Nxd7 24. Rfd1 Nf6 25. Nd5 Rc8 26. Nxf6 1/2-1/2

[Event "Østlandsserien 2013/2014, 3. div. C"]
[Site "Ås, Akershus NOR"]
[Date "2014.01.12"]
[Round "3"]
[White "Lange, Holger"]
[Black "Røst, Bjørn"]
[Result "1-0"]
[WhiteElo "1633"]
[BlackElo "1765"]
[Annotator "Lea, Per"]
[PlyCount "57"]
[EventDate "2013.11.03"]
[Board "2"]
[WhiteTeam "Follo 1"]
[BlackTeam "S.O.S.S. 3"]

1. e4 e5 2. Nf3 Nc6 3. d4 exd4 4. Bc4 Bc5 5. Ng5 Nh6 6. Nxf7 Nxf7 7. Bxf7+ Kxf7
8. Qh5+ g6 9. Qxc5 d6 10. Qd5+ Be6 11. Qb5 Qd7 (11... a6 12. Qxb7 Qd7 13. c3
Rhb8 14. Qxa8 Rxa8 $19) 12. O-O a6 13. Qe2 Kg7 14. c3 Rhf8 15. Qd2 Bc4 16. Re1
d3 $2 17. b3 Be6 18. Qxd3 Ne5 19. Qc2 Bh3 $4 20. f4 Qg4 {
Feil måte å gi offiser på...} (20... Bxg2 21. fxe5 $2 Bf1 22. Re3 Bh3 23. Nd2
Qg4+ 24. Rg3 Qe2 {og hvit lever farlig med står litt bedre i følge Critter 1.6}
) 21. fxe5 Rf3 22. Re3 Raf8 23. Rxf3 Rxf3 24. Qe2 Bxg2 $2 {
Desperasjon, men svart har ikke flere piler i koggeret.} 25. Qxg2 Qxe4 26. Bd2
Qd5 27. Qe2 Qc5+ 28. Kg2 Qc6 {"Truer" en avdekker, men:} 29. Qxf3 1-0

[Event "Østlandsserien 2013/2014, 3. div. C"]
[Site "Ås, Akershus NOR"]
[Date "2014.01.12"]
[Round "3"]
[White "Bråthen, Rune Vidar"]
[Black "Kielland-Lund, Jon"]
[Result "1-0"]
[WhiteElo "1331"]
[BlackElo "1613"]
[Annotator "Lea, Per"]
[PlyCount "77"]
[EventDate "2013.11.03"]
[Board "3"]
[WhiteTeam "S.O.S.S. 3"]
[BlackTeam "Follo 1"]

1. e4 c6 2. d4 d5 3. Nc3 dxe4 4. Nxe4 Bf5 5. Ng3 Bg6 6. Nf3 Nd7 7. h4 h6 8. h5
Bh7 9. Bd3 Bxd3 10. Qxd3 e6 11. Bd2 Qc7 12. O-O-O O-O-O 13. Qb3 Ngf6 14. Rhe1
Bd6 15. Ne4 Nxh5 16. Nxd6+ Qxd6 17. g3 b6 $2 (17... Qc7 {
ville ha løst de fleste problemene for svart}) 18. Qc4 Kb7 19. Ne5 Nxe5 20.
dxe5 Qd4 21. Qe2 Qa4 22. Qxh5 Qxa2 23. c3 $2 (23. Qxf7+) 23... Rd7 24. Re4 Rhd8
25. Qg4 g5 26. Ra4 Qb3 27. Rb4 Qa2 28. Qc4 Qxc4 29. Rxc4 Rd3 30. Re4 c5 31.
Ree1 Kc7 32. Be3 R3d5 33. Rxd5 Rxd5 34. f4 gxf4 35. gxf4 Rd8 36. Rg1 Kd7 37.
Rd1+ Ke7 38. Rxd8 Kxd8 39. Kd2 1-0

[Event "Østlandsserien 2013/2014, 3. div. C"]
[Site "Nittedal, Akershus NOR"]
[Date "2014.02.09"]
[Round "4"]
[White "Flügel, Stefan"]
[Black "Digernes, Magnus"]
[Result "0-1"]
[WhiteElo "1681"]
[BlackElo "1783"]
[Annotator "Flügel, Stefan"]
[PlyCount "76"]
[EventDate "2013.11.03"]
[Board "1"]
[WhiteTeam "Follo 1"]
[BlackTeam "Nittedal"]

1. Nc3 {[%emt 0:00:00]} d6 {[%emt 0:00:00]} 2. e4 c5 3. f4 Nc6 4. Nf3 g6 5. Bc4
Bg7 6. O-O e6 7. d3 Nge7 8. Qe2 Nd4 9. Nxd4 Bxd4+ 10. Be3 Bg7 11. Rad1 ({
jeg vurderte} 11. f5 {som faktisk er veien å gå i følge dataprogrammet Rybka.
Men jeg klarte ikke å beregne alle varianter til hvits fordel.} exf5 (11...
gxf5 12. exf5 exf5 (12... Nxf5 13. Rxf5 exf5 14. Bg5+) 13. Bg5 Rg8 (13... f6
14. Bf4 a6 15. Rae1 Bf8 16. Nd5) 14. Qh5) 12. exf5 Bxf5 13. Rae1 Be5 14. Bh6 {
og hvit har veldig god kompensajon for bonden; blant annet er g4 truende})
11... O-O 12. Bb3 a6 13. d4 Qc7 14. dxc5 dxc5 15. Na4 b6 16. g4 {ment som et
strategisk trekk for å kontrolle f5 (i forberedelse med til trekket e5). Det
viste seg at trekket har store ulemper i de taktiske trekkene som følger (pga
matttrussler på h1 og g2)} Nc6 17. e5 Bb7 18. Nxc5 $2 bxc5 19. Bxc5 Nxe5 $1 (
19... Rfd8 20. Bd6 {var det jeg hadde sett for meg, men i følge Rybka er ikke
engang det nok kompensasjon. Siden} Qb6+ 21. Rf2 (21. Qf2 {er litt bedre, men
dronningbytte og overgang i sluttspill etter Sa5 ser heller ikke fristende ut})
21... Nd4 {blir alt for sterk}) 20. Bxf8 Bxf8 {ikke det beste,} (20... Qb6+ 21.
Rf2 Qc6 22. Rg2 Nf3+ 23. Kf1 Bxf8 {og svart har overlegen stilling}) 21. Qxe5 {
jeg så ikke noe bedre (jeg var klar over at Lc5+ ville i det minste vinne
tilbake kvaliteten)} Qc6 {kaster bort svarts fordel} (21... Bc5+ 22. Rf2 Qc6
23. Kf1 Bxf2 24. Kxf2 Qf3+ 25. Ke1 Qh1+ 26. Ke2 Bf3+ {var faktisk helt knusende
}) 22. Kf2 Bg7 23. Qe2 Bxb2 24. Rg1 {spillte jeg med en gang i tro på at det
var eneste forsvar mot Dg2+ Ke1 Lc3+ men ...} (24. Kg3 {
var bedre og gir hvit en liten fordel i følge Rybka}) 24... Qc7 25. Qc4 $2 (25.
Qd2) 25... Qb6+ 26. Kg3 $4 {en tabbe siden det tillater ....} Qe3+ 27. Kh4 Rc8
$2 (27... g5+ 28. fxg5 h6 29. Rdf1 hxg5+ 30. Kh5 Qh3+ 31. Kxg5 Bg7 32. Rf6
Bxf6+ 33. Kxf6 Qh6+ 34. Ke5 Qxh2+) 28. Qf1 $2 (28. Rg3 {
er trekket som holder stillingen. Jeg vurderte trekket men fant ikke ....} Rxc4
29. Rxe3 Rxf4 30. Bxe6 $1 {dette trekket} fxe6 31. Rd8+ Kf7 32. Rd7+) 28... h6
$2 (28... g5+ 29. fxg5 Rc5 {vinner for svart}) 29. Rg3 Qe4 30. Kh3 a5 31. a4 h5
32. Re1 $2 {den avgjørende feilen} (32. g5 Qf5+ 33. Kh4 {
og det virker til at hvit kan holder stillingen}) 32... hxg4+ 33. Rxg4 Rc3+ 34.
Kh4 Qf5 35. Re5 Qf6+ 36. Rgg5 Rf3 $1 (36... Bg2 $3 {
et fint alternativ som er en forsert matt i 8 trekk}) 37. Ref5 exf5 38. Qc4
Qh8+ {oppgitt. Tapet gjør meg (forhåpentligvis bare midlertidig) til den
dårligste lagspiller i Follo sjakkforenings historie.} 0-1

[Event "Østlandsserien 2013/2014, 3. div. C"]
[Site "Nittedal, Akershus NOR"]
[Date "2014.02.09"]
[Round "4"]
[White "Thrana, Svein Arne"]
[Black "Lea, Per"]
[Result "0-1"]
[WhiteElo "1707"]
[BlackElo "1662"]
[Annotator "Lea, Per"]
[PlyCount "122"]
[EventDate "2013.11.03"]
[Board "2"]
[WhiteTeam "Nittedal"]
[BlackTeam "Follo 1"]

1. e4 e5 2. Nc3 Nf6 3. f4 d5 4. exd5 e4 5. d4 Bb4 6. Bd2 O-O 7. a3 Bxc3 8. Bxc3
Nxd5 9. Ne2 Nxc3 (9... Bg4 $1 10. Qd2 Qh4+ 11. g3 Qh5 12. O-O-O Bf3 $19) 10.
Nxc3 Re8 11. Bc4 c6 12. Qh5 Be6 13. d5 cxd5 14. Nxd5 Nd7 15. O-O-O Nf6 16. Qg5
Nxd5 17. Bxd5 Qxg5 18. fxg5 Bxd5 19. Rxd5 Re7 20. Kd2 Rae8 21. Ke3 Re5 22. Rhd1
f5 23. c4 Kf7 24. b4 g6 25. g3 R8e7 26. c5 Rxd5 27. Rxd5 Ke6 28. Rd6+ Ke5 29.
Rd8 Ke6 30. Rd6+ Ke5 31. Rd2 Ke6 32. a4 a6 33. Rd6+ Ke5 34. Rb6 Rd7 35. a5 Rd3+
36. Ke2 Rd7 37. c6 bxc6 38. Rxc6 Rb7 39. Rxa6 Rxb4 40. h4 Rb2+ 41. Ke3 Rb3+ 42.
Kf2 f4 43. gxf4+ Kxf4 44. Rb6 Ra3 45. Rf6+ Kg4 46. a6 Kxh4 47. Re6 Kxg5 48. Re7
Rxa6 49. Ke3 h5 50. Kxe4 h4 51. Kf3 Ra3+ 52. Kg2 Kf4 53. Rc7 Re3 54. Kf2 Re4
55. Rf7+ Kg4 56. Rg7 g5 57. Rh7 h3 58. Rh8 Rf4+ 59. Kg1 Kg3 60. Rh6 g4 61. Rh7
Ra4 0-1

[Event "Østlandsserien 2013/2014, 3. div. C"]
[Site "Nittedal, Akershus NOR"]
[Date "2014.02.09"]
[Round "4"]
[White "Høva, Frode"]
[Black "Elphinstone, Patrick"]
[Result "0-1"]
[WhiteElo "1540"]
[BlackElo "856"]
[Annotator "Lea, Per"]
[PlyCount "74"]
[EventDate "2013.11.03"]
[Board "3"]
[WhiteTeam "Follo 1"]
[BlackTeam "Nittedal"]

1. d4 d5 2. Nf3 Nf6 3. g3 Bf5 4. Bg2 Nc6 5. a3 Qd7 6. O-O Bh3 7. Nc3 Bxg2 8.
Kxg2 e6 9. Bf4 Bd6 10. Bxd6 cxd6 11. Re1 O-O 12. e4 dxe4 13. Nxe4 Nxe4 14. Rxe4
d5 15. Rh4 h6 16. Qd2 Rfe8 17. Re1 f6 18. Qd3 e5 19. dxe5 fxe5 20. Qg6 $2 (20.
c4 Rad8 ({Selvfølgelig ikke} 20... e4 $2 21. Rexe4 Rxe4 22. Rxe4 Rd8 23. cxd5
Qd6 ({Svart kan iikke slå på d5:} 23... Qxd5 $2 24. Re8+ Kf7 25. Rxd8) 24. Re1)
21. Qxd5+ Qxd5 22. cxd5 Rxd5 {og hvit har ingen spesielle problemer}) 20... Re6
21. Qg4 {Nå har plutselig svart fått kjempespill} e4 22. Kh3 (22. Nd2 {
er tryggere, selv om svart også nå står best}) 22... Rf8 23. Nd2 {Herfra og ut
er det enveiskjøring, selv om svart flere ganger velger det nest- eller
tredje-beste alternativet} Ne5 24. Qd1 Ref6+ 25. g4 Qe7 26. Rh5 Nf3 27. Nxf3
Rxf3+ 28. Kg2 Rxf2+ 29. Kg1 Qe6 30. Rxd5 Qb6 31. Qd4 Qc7 32. Qe5 Qxc2 33. Qg3
Qxb2 34. g5 Qb6 35. Kh1 Rf1+ 36. Rxf1 Rxf1+ 37. Kg2 Rg1+ 0-1